5 Largest Cities by Interstate on a Map - Statistics

General Stats
  • This quiz has been taken 996 times
    974 since last reset
  • The average score is 98 of 257
Answers on the Map
Answers color-coded by a green-red scale on the quiz's map according to % correct below.
 
Answer Stats
group state population name % Correct
5 CA 3,898,747 Los Angeles
93%
65 WA 737,015 Seattle
93%
5 CA 873,965 San Francisco
91%
52 TX 1,304,379 Dallas
90%
51 TX 2,304,580 Houston
90%
37 NY 8,804,190 New York City
90%
43 OR 652,503 Portland
90%
5 CA 1,386,932 San Diego
90%
36 NV 641,903 Las Vegas
89%
15 IL 2,746,388 Chicago
88%
3 AZ 1,608,139 Phoenix
88%
52 TX 961,855 Austin
87%
7 CO 715,522 Denver
87%
23 MA 675,647 Boston
85%
29 MS 153,701 Jackson
85%
6 CA 524,943 Sacramento
85%
61 UT 199,723 Salt Lake City
85%
26 MI 639,111 Detroit
84%
27 MN 429,954 Minneapolis
84%
43 PA 1,603,797 Philadelphia
84%
52 TX 1,547,253 San Antonio
84%
14 ID 235,684 Boise
83%
11 FL 949,611 Jacksonville
83%
42 OK 681,054 Oklahoma City
83%
12 GA 498,715 Atlanta
82%
41 OH 905,748 Columbus
82%
27 MO 508,090 Kansas City
82%
11 FL 307,573 Orlando
82%
11 FL 384,959 Tampa
82%
10 DC 689,545 Washington
82%
41 OH 372,624 Cleveland
81%
53 TX 678,815 El Paso
81%
20 IN 887,642 Indianapolis
81%
49 TN 689,447 Nashville
81%
21 LA 383,997 New Orleans
81%
35 NM 564,559 Albuquerque
79%
30 NC 874,579 Charlotte
79%
53 TX 918,915 Fort Worth
79%
49 TN 633,104 Memphis
79%
67 WI 577,222 Milwaukee
79%
28 MO 301,578 St. Louis
79%
27 MN 311,527 St. Paul
79%
37 NY 278,349 Buffalo
78%
42 OH 309,317 Cincinnati
78%
24 MD 585,708 Baltimore
77%
6 CA 440,646 Oakland
77%
44 PA 302,971 Pittsburgh
77%
30 NC 467,665 Raleigh
76%
21 LA 227,470 Baton Rouge
75%
7 CO 478,961 Colorado Springs
75%
33 NE 486,051 Omaha
75%
48 SC 150,227 Charleston
74%
70 WV 48,864 Charleston
74%
20 KY 630,782 Louisville
74%
16 IL 114,394 Springfield
74%
23 MA 155,929 Springfield
74%
28 MO 169,176 Springfield
74%
3 AZ 542,629 Tucson
74%
43 OK 413,066 Tulsa
73%
38 NY 99,224 Albany
72%
1 AL 200,733 Birmingham
71%
34 NE 297,622 Lincoln
71%
2 AR 202,591 Little Rock
71%
62 VA 457,672 Virginia Beach
71%
67 WI 269,840 Madison
70%
13 GA 147,780 Savannah
68%
33 ND 125,990 Fargo
67%
1 AL 200,603 Montgomery
66%
49 SD 192,517 Sioux Falls
66%
48 SC 136,632 Columbia
65%
54 TX 317,863 Corpus Christi
65%
26 MI 112,644 Lansing
65%
67 WI 107,395 Green Bay
64%
9 CT 121,054 Hartford
64%
65 VT 10,686 Hartford
64%
38 NY 148,620 Syracuse
64%
55 TX 200,393 Amarillo
63%
35 NJ 311,549 Newark
63%
21 KY 322,570 Lexington
62%
44 PA 94,831 Erie
61%
46 PA 50,135 Harrisburg
61%
61 UT 115,162 Provo
61%
26 MI 198,917 Grand Rapids
59%
54 TX 258,862 Lubbock
59%
42 OH 190,469 Akron
58%
31 NC 283,506 Durham
58%
53 TX 394,266 Arlington
57%
50 TN 181,099 Chattanooga
57%
30 NC 299,035 Greensboro
57%
16 IL 180,542 Aurora
56%
20 IN 263,886 Fort Wayne
56%
36 NV 317,610 Henderson
56%
9 CT 134,023 New Haven
56%
21 LA 187,593 Shreveport
56%
31 NC 249,545 Winston-Salem
56%
4 AZ 76,831 Flagstaff
53%
55 TX 143,268 McAllen
52%
34 NH 43,976 Concord
51%
34 NH 115,644 Manchester
50%
62 UT 87,321 Ogden
50%
56 TX 104,683 Wichita Falls
50%
45 PA 76,328 Scranton
49%
3 AZ 95,548 Yuma
49%
12 GA 157,346 Macon
47%
37 NY 211,569 Yonkers
47%
7 CO 169,810 Fort Collins
46%
22 LA 121,374 Lafayette
46%
36 NM 111,385 Las Cruces
46%
6 CA 222,101 San Bernardino
46%
2 AR 93,949 Fayetteville
45%
31 NC 94,589 Asheville
44%
57 TX 53,695 Galveston
43%
17 IL 113,150 Peoria
43%
14 IA 85,797 Sioux City
43%
44 PA 125,845 Allentown
42%
12 FL 72,647 Daytona Beach
41%
62 VA 251,269 Chesapeake
40%
20 IN 117,298 Evansville
40%
1 AL 99,600 Tuscaloosa
40%
16 IL 148,655 Rockford
39%
14 ID 100,200 Nampa
38%
63 VA 98,865 Roanoke
38%
65 WA 96,968 Yakima
37%
14 ID 56,320 Pocatello
36%
16 IL 149,540 Naperville
34%
11 FL 112,641 Lakeland
33%
15 ID 51,807 Twin Falls
32%
68 WI 75,644 Appleton
31%
17 IL 88,302 Champaign
31%
3 AR 89,142 Fort Smith
31%
48 SC 114,852 North Charleston
31%
50 TN 166,722 Clarksville
30%
70 WV 30,347 Morgantown
30%
50 TN 152,769 Murfreesboro
30%
68 WI 66,816 Oshkosh
30%
35 NJ 71,791 Camden
28%
66 WA 83,921 Kennewick
26%
23 MA 101,636 Quincy
26%
29 MS 48,730 Hattiesburg
25%
55 TX 153,095 Killeen
25%
29 MS 35,052 Meridian
25%
54 TX 246,018 Garland
24%
31 NC 114,059 High Point
23%
51 TN 71,046 Johnson City
23%
28 MO 72,473 St. Joseph
23%
29 MS 37,923 Tupelo
23%
46 PA 43,963 Altoona
22%
9 CT 114,403 Waterbury
22%
8 CO 124,402 Arvada
21%
47 PA 10,780 College Twp
21%
17 IL 70,522 Decatur
21%
4 AZ 19,770 Nogales
21%
69 WI 49,929 Sheboygan
21%
45 PA 75,781 Bethlehem
20%
8 CO 13,735 Sterling
20%
10 CT 86,518 Danbury
19%
63 VA 51,430 Harrisonburg
18%
68 WI 65,615 Janesville
18%
36 NV 14,885 Boulder City
16%
25 MD 19,076 Cumberland
16%
12 FL 93,692 Deltona
16%
6 CA 106,215 El Cajon
15%
22 LA 28,781 Slidell
15%
58 TX 71,892 Harlingen
14%
56 TX 107,536 League City
14%
18 IL 52,736 Normal
14%
64 VT 20,292 South Burlington
14%
39 NY 26,523 Elmira
13%
56 TX 89,956 Conroe
12%
22 LA 19,584 Hammond
12%
18 IL 24,052 Kankakee
12%
4 AZ 53,658 Casa Grande
11%
26 MI 95,535 Livonia
11%
9 CO 11,597 Fort Morgan
10%
1 AL 33,945 Gadsden
10%
28 MO 17,108 Hannibal
10%
10 CT 74,135 New Britain
10%
24 MA 81,045 Somerville
10%
15 ID 4,568 American Falls
9%
34 NH 14,282 Lebanon
9%
47 PA 12,413 Logan Twp
9%
57 TX 84,331 Mission
9%
57 TX 79,112 Pharr
9%
51 TN 53,070 Smyrna
9%
8 CO 40,083 Brighton
8%
60 TX 14,836 Canyon
8%
40 NY 10,551 Corning
8%
18 IL 40,290 DeKalb
8%
63 VA 15,011 Front Royal
8%
25 MD 1,557 Hancock
8%
7 CA 61,121 La Mesa
8%
10 CT 60,850 Meriden
8%
69 WI 60,325 West Allis
8%
15 ID 15,570 Chubbuck
7%
25 MD 7,027 Frostburg
7%
2 AL 7,042 Hamilton
7%
24 MA 59,659 Medford
7%
39 NY 13,079 Oneonta
7%
59 TX 20,143 Plainview
7%
66 WA 16,375 Sunnyside
7%
43 OR 7,363 Umatilla
7%
58 TX 41,629 Weslaco
7%
59 TX 23,054 Belton
6%
5 AZ 12,147 Camp Verde
6%
24 MA 55,560 Chicopee
6%
27 MI 83,986 Farmington Hills
6%
66 WA 10,907 Grandview
6%
61 TX 4,655 Tulia
6%
32 NC 27,156 Asheboro
5%
58 TX 36,670 Copperas Cove
5%
70 WI 37,803 Greenfield
5%
59 TX 33,097 Harker Heights
5%
2 AL 14,572 Jasper
5%
69 WI 40,451 New Berlin
5%
13 GA 25,711 Pooler
5%
4 AZ 34,134 Sahuarita
5%
35 NJ 59,728 Union Twp
5%
64 VT 17,524 Colchester
4%
22 LA 9,286 Denham Springs
4%
13 GA 10,289 Garden City
4%
8 CO 8,088 Lochbuie
4%
60 TX 4,715 Mathis
4%
13 GA 4,004 Metter
4%
30 MS 7,626 New Albany
4%
60 TX 5,879 Nolanville
4%
42 OH 46,491 Strongsville
4%
23 LA 6,374 Walker
4%
39 NY 11,426 Bath
3%
46 PA 33,096 Cranberry Twp
3%
18 IL 50,427 Downers Grove
3%
25 MD 968 Grantsville
3%
64 VA 1,545 Haymarket
3%
39 NY 19,412 Horseheads
3%
32 NC 19,435 Knightdale
3%
19 IL 24,223 Lisle
3%
19 IL 22,950 Machesney Park
3%
33 NC 4,595 Randleman
3%
38 NY 30,523 Rotterdam
3%
32 NC 10,951 Summerfield
3%
32 NC 9,793 Wendell
3%
40 NY 6,625 Cobleskill
2%
41 NY 6,243 Duanesburg
2%
19 IL 19,073 Matteson
2%
37 NY 148,919 Ramapo
2%
19 IL 3,302 South Jacksonville
2%
33 NC 5,924 Stokesdale
2%
44 PA 60,490 Bensalem Twp
1%
17 IL 110,000 Bremen Twp
1%
40 NY 8,771 Ellicott
1%
40 NY 8,090 Erwin
1%
38 NY 95,397 Greenburgh
1%
45 PA 53,501 Lower Paxton Twp
1%
45 PA 54,073 Millcreek Twp
1%
47 PA 15,801 Patton Twp
1%
46 PA 27,824 Swatara Twp
1%
41 NY 6,441 Fenton
0%
47 PA 27,058 Springettsbury Twp
0%
No matching quizzes found
Score Distribution
Percent of People with Each Score
Percentile by Number Answered
Your Score History
You have not taken this quiz since the last reset